Country by Picture 1 - Statistics

General Stats
  • This quiz has been taken 24 times
  • The average score is 10 of 12
Answer Stats
Picture Answer % Correct
Australia
100%
Egypt
100%
France
100%
Russia
100%
Brazil
95%
Germany
95%
Spain
95%
China
91%
United Kingdom
91%
Japan
73%
Turkey
55%
United States of America
45%
No matching quizzes found
Score Distribution
Percent of People with Each Score
Percentile by Number Answered
Your Score History
You have not taken this quiz